000 01288nam2a22002531 4500
001 RU\NLR\INFOCOMM15\1000082641
005 20250617040902.0
035 _a(NLR Aleph) 002435948
090 _a2037757
_c2037757
100 _a20040301d1972 |||y0rusy50 ca
101 0 _arus
102 _aRU
105 _ay |||||||||
200 1 _aПодвижной состав, оборудование и приспособления, используемые восстановительными поездами
_eРеф. информ.
_fЕ.П. Шкунов
210 _d1972
_aБ. м.
461 0 _1001RU\NLR\INFOCOMM15\1000082637
_12001#$aЖелезнодорожный транспорт$iБезопасность движения$fЦНИИ информ., техн.-экон. исслед. и пропаганды ж.-д. трансп.$v1972, 4
_92037722
_cМ.
_d1972-1983
_fЦНИИ информ., техн.-экон. исслед. и пропаганды ж.-д. трансп.
_iБезопасность движения
_tЖелезнодорожный транспорт
_x0203-1787
_v1972, 4
700 1 _aШкунов
_bЕ.П.
_4070
801 1 _aRU
_bInfoComm
_c20040301
801 0 _aRU
_bNLR
_gPSBO
852 _aNLR
_jП10/4262
942 _cISSUE
980 _aNB
980 _aRUSPER